[Event "20. Torneo San Viator 2013"]
[Site "Madrid ESP"]
[Date "2013.04.07"]
[Round "1.1"]
[White "Renteria, Jorge"]
[Black "Perez Carballeira, Francisco"]
[Result "1-0"]
[WhiteElo "2300"]
[BlackElo "1609"]
[PlyCount "60"]
[EventDate "2013.04.07"]
[EventType "swiss"]
[EventRounds "9"]
[EventCountry "ESP"]
[Source "lmi"]
[SourceDate "2013.04.07"]

1. e4 d5 2. exd5 Qxd5 3. Nc3 Qa5 4. d4 Nf6 5. Nf3 Bg4 6. h3 Bh5 7. g4 Bg6 8.
Ne5 Nbd7 9. Nxg6 hxg6 10. Bg2 c6 11. Bd2 Qc7 12. Qe2 Nb6 13. O-O-O e6 14. Kb1
Be7 15. h4 Nfd5 16. g5 Nxc3+ 17. Bxc3 Nd5 18. Bxd5 cxd5 19. h5 gxh5 20. Rxh5
O-O-O 21. g6 Bf6 22. Rdh1 Rhf8 23. R5h3 fxg6 24. Bb4 Rfe8 25. Rc3 Qxc3 26. Bxc3
Rd7 27. Qg4 g5 28. Bd2 Kc7 29. Bxg5 Rf7 30. Bxf6 Rxf6 1-0

[Event "20. Torneo San Viator 2013"]
[Site "Madrid ESP"]
[Date "2013.04.07"]
[Round "1.2"]
[White "Rendo Quindos, Pedro"]
[Black "Solaesa Navalpotro, Luis Julio"]
[Result "0-1"]
[WhiteElo "1606"]
[BlackElo "2249"]
[PlyCount "78"]
[EventDate "2013.04.07"]
[EventType "swiss"]
[EventRounds "9"]
[EventCountry "ESP"]
[Source "lmi"]
[SourceDate "2013.04.07"]

1. e4 c5 2. b3 Nc6 3. Bb2 d6 4. Bb5 Bd7 5. Nf3 e6 6. O-O Nf6 7. d3 Be7 8. Nbd2
O-O 9. Re1 Qc7 10. Nf1 b6 11. Rc1 a6 12. Bxc6 Bxc6 13. e5 Nd7 14. exd6 Bxd6 15.
Ng3 Rae8 16. Re2 Bxf3 17. gxf3 Be5 18. d4 cxd4 19. Bxd4 Rd8 20. Kg2 Bxd4 21.
Qxd4 Nf6 22. Qe5 Qc6 23. c4 Rd3 24. Ne4 Nd7 25. Qg3 f5 26. Ng5 e5 27. Rec2 h6
28. Nh3 f4 29. Qg4 Nf6 30. Qf5 Qxf3+ 31. Kg1 Qxh3 32. Qxh3 Rxh3 33. c5 bxc5 34.
Rxc5 e4 35. b4 Ra3 36. R1c2 f3 37. b5 axb5 38. Rxb5 e3 39. fxe3 Ng4 0-1

[Event "20. Torneo San Viator 2013"]
[Site "Madrid ESP"]
[Date "2013.04.07"]
[Round "1.3"]
[White "Unciti Juan, Javier"]
[Black "Gil Calvente, Jose Antonio"]
[Result "1-0"]
[WhiteElo "2196"]
[BlackElo "1597"]
[PlyCount "65"]
[EventDate "2013.04.07"]
[EventType "swiss"]
[EventRounds "9"]
[EventCountry "ESP"]
[Source "lmi"]
[SourceDate "2013.04.07"]

1. e4 d5 2. exd5 Nf6 3. d4 Bg4 4. Bb5+ Nbd7 5. f3 Bf5 6. Nc3 a6 7. Bd3 Bxd3 8.
Qxd3 Nb6 9. Nge2 Nbxd5 10. Nxd5 Nxd5 11. c4 Nb6 12. Bg5 Qd7 13. O-O g6 14. Rad1
Bg7 15. d5 Na4 16. Rd2 Nxb2 17. Qb3 Na4 18. Qxb7 O-O 19. Qb4 f6 20. Be3 Rfb8
21. Qa3 Nb6 22. Qd3 Qa4 23. Rc1 Nd7 24. f4 f5 25. Bd4 Nf6 26. Nc3 Qa3 27. Re1
Qd6 28. g3 Re8 29. c5 Qd8 30. Qc4 Kf8 31. Rde2 Nd7 32. d6 Bxd4+ 33. Qxd4 1-0

[Event "20. Torneo San Viator 2013"]
[Site "Madrid ESP"]
[Date "2013.04.07"]
[Round "1.4"]
[White "Jaumandreu Llopis, Antonio"]
[Black "Acuna Celada, Ivan"]
[Result "0-1"]
[WhiteElo "1590"]
[BlackElo "2159"]
[PlyCount "60"]
[EventDate "2013.04.07"]
[EventType "swiss"]
[EventRounds "9"]
[EventCountry "ESP"]
[Source "lmi"]
[SourceDate "2013.04.07"]

1. e4 c5 2. d4 cxd4 3. c3 dxc3 4. Nxc3 d6 5. Nf3 Nc6 6. Bc4 e6 7. O-O Be7 8.
Qe2 a6 9. Rd1 Qc7 10. Bf4 Ne5 11. Nxe5 dxe5 12. Nb5 axb5 13. Bxb5+ Kf8 14. Rac1
Qa5 15. Bxe5 f6 16. Bc7 Qxa2 17. Bd8 Kf7 18. Rc7 Qb3 19. Rdc1 Bd7 20. Bc4 Qa4
21. b3 Qa3 22. Rd1 Rxd8 23. Rcxd7 Rxd7 24. Bxe6+ Kf8 25. Rxd7 Qa1+ 26. Rd1 Qe5
27. Qc4 g6 28. f4 Qc5+ 29. Qxc5 Bxc5+ 30. Kf1 Ne7 0-1

[Event "20. Torneo San Viator 2013"]
[Site "Madrid ESP"]
[Date "2013.04.07"]
[Round "1.5"]
[White "Iturbide Arnedo, Oscar"]
[Black "Vicario Ramirez, Celestino"]
[Result "1-0"]
[WhiteElo "2151"]
[BlackElo "1585"]
[PlyCount "75"]
[EventDate "2013.04.07"]
[EventType "swiss"]
[EventRounds "9"]
[EventCountry "ESP"]
[Source "lmi"]
[SourceDate "2013.04.07"]

1. d4 d5 2. e4 c6 3. e5 Bf5 4. Nc3 e6 5. g4 Bg6 6. Nge2 h5 7. Nf4 Bh7 8. Nxh5
Nd7 9. Be3 c5 10. dxc5 Nxe5 11. Bb5+ Nc6 12. Qe2 g6 13. Bd4 gxh5 14. Bxh8 Bxc5
15. O-O-O Qg5+ 16. Kb1 O-O-O 17. Bxc6 bxc6 18. Qa6+ Kc7 19. f4 Qxf4 20. Rhf1
Qxh2 21. Rxf7+ Rd7 22. Rxd7+ Kxd7 23. Qb7+ Qc7 24. Qxc7+ Kxc7 25. gxh5 Ne7 26.
Bd4 Kd6 27. Bxc5+ Kxc5 28. Re1 Kd6 29. Ne2 e5 30. Ng3 e4 31. Kc1 Ke5 32. Rf1
Nf5 33. Nxf5 Bxf5 34. h6 d4 35. Rxf5+ Kxf5 36. h7 e3 37. h8=Q e2 38. Qh5+ 1-0

[Event "20. Torneo San Viator 2013"]
[Site "Madrid ESP"]
[Date "2013.04.07"]
[Round "1.6"]
[White "Insua Rodriguez, Antonio"]
[Black "Gonzalez Mateos, Rafael"]
[Result "0-1"]
[WhiteElo "1576"]
[BlackElo "2110"]
[PlyCount "63"]
[EventDate "2013.04.07"]
[EventType "swiss"]
[EventRounds "9"]
[EventCountry "ESP"]
[Source "lmi"]
[SourceDate "2013.04.07"]

1. Nc3 d5 2. d4 Nf6 3. Bg5 Nbd7 4. e4 dxe4 5. Nxe4 Nxe4 6. Bh4 Nef6 7. Nf3 c6
8. Bc4 e6 9. O-O Be7 10. Qe2 Nd5 11. Bg3 O-O 12. c3 N7f6 13. h3 h6 14. Rfe1 b5
15. Bd3 Bb7 16. b4 Nxc3 17. Qb2 Ncd5 18. Rac1 Bxb4 19. Re2 Qa5 20. Rec2 Ba3 21.
Qb1 Bxc1 22. Qxc1 Nb4 23. Rd2 Nxd3 24. Rxd3 Rfd8 25. Ne5 Qb6 26. f3 Rd5 27. Rc3
Qxd4+ 28. Kh2 Rxe5 29. Bxe5 Qxe5+ 30. Kg1 Qd4+ 31. Kh2 Qd6+ 32. Kg1 0-1

[Event "20. Torneo San Viator 2013"]
[Site "Madrid ESP"]
[Date "2013.04.07"]
[Round "1.7"]
[White "Cabanas Bravo, Juan Andres"]
[Black "Andres Rodriguez, Florencio"]
[Result "1-0"]
[WhiteElo "2103"]
[BlackElo "1575"]
[PlyCount "55"]
[EventDate "2013.04.07"]
[EventType "swiss"]
[EventRounds "9"]
[EventCountry "ESP"]
[Source "lmi"]
[SourceDate "2013.04.07"]

1. e4 c5 2. Nf3 Nc6 3. d4 cxd4 4. Nxd4 Nf6 5. Nc3 a6 6. Be3 d6 7. f3 e6 8. Qd2
Be7 9. g4 h6 10. O-O-O Bd7 11. h4 b5 12. Nxc6 Bxc6 13. Bh3 a5 14. Ne2 e5 15.
Ng3 Bd7 16. g5 Bxh3 17. gxf6 Be6 18. fxe7 Qxe7 19. Qxd6 Qxd6 20. Rxd6 O-O 21.
Nf5 Rfe8 22. Rg1 Bxf5 23. exf5 Kh7 24. h5 f6 25. Rd7 Rg8 26. Rg6 Kh8 27. Bxh6
Kh7 28. Bxg7 1-0

[Event "20. Torneo San Viator 2013"]
[Site "Madrid ESP"]
[Date "2013.04.07"]
[Round "1.9"]
[White "Fernandez Garcia, Javier"]
[Black "Mateos Cordero, Francisco"]
[Result "1-0"]
[WhiteElo "2028"]
[BlackElo "1556"]
[PlyCount "97"]
[EventDate "2013.04.07"]
[EventType "swiss"]
[EventRounds "9"]
[EventCountry "ESP"]
[Source "lmi"]
[SourceDate "2013.04.07"]

1. d4 d5 2. Nf3 Nf6 3. e3 c6 4. c4 e6 5. Nbd2 Bd6 6. b3 Nbd7 7. Bb2 O-O 8. Bd3
Re8 9. Ne5 Qe7 10. a3 c5 11. O-O Nf8 12. f4 cxd4 13. exd4 a6 14. Rf3 Bd7 15.
Rh3 Bc6 16. Qe2 Ng6 17. Rf1 Bxa3 18. Bxa3 Qxa3 19. g4 Qb2 20. Qf2 Re7 21. g5
Ne4 22. Nxe4 Qxf2+ 23. Nxf2 Nxf4 24. Bxh7+ Kf8 25. Rf3 Ne2+ 26. Kg2 dxc4 27.
Nxc6 bxc6 28. bxc4 Nxd4 29. Rd3 c5 30. Ne4 Rc7 31. Nxc5 Rxc5 32. Rxd4 Ke7 33.
h4 g6 34. Rfd1 Ra7 35. Kf3 a5 36. Kg4 a4 37. h5 a3 38. hxg6 fxg6 39. Bxg6 a2
40. Ra1 Raa5 41. Kf3 Rxg5 42. Rg4 Rgc5 43. Bd3 e5 44. Rg2 Ra3 45. Ke4 Kf6 46.
Raxa2 Raa5 47. Rxa5 Rxa5 48. Rb2 Rc5 49. Rb5 1-0

[Event "20. Torneo San Viator 2013"]
[Site "Madrid ESP"]
[Date "2013.04.07"]
[Round "1.11"]
[White "Martin Hernandez, Vicente"]
[Black "Ojosnegros Martin, Angel"]
[Result "1-0"]
[WhiteElo "2005"]
[BlackElo "1513"]
[PlyCount "27"]
[EventDate "2013.04.07"]
[EventType "swiss"]
[EventRounds "9"]
[EventCountry "ESP"]
[Source "lmi"]
[SourceDate "2013.04.07"]

1. d4 d5 2. c4 e6 3. Nc3 Nf6 4. Bg5 Be7 5. e3 O-O 6. Nf3 Nbd7 7. Rc1 b6 8. cxd5
exd5 9. Bd3 Bb7 10. O-O c5 11. Bb1 Ne4 12. Bxe7 Nxc3 13. Qc2 Ne2+ 14. Kh1 1-0

[Event "20. Torneo San Viator 2013"]
[Site "Madrid ESP"]
[Date "2013.04.07"]
[Round "1.12"]
[White "Montesinos Hernandez, Alejandro"]
[Black "Sotoca Aguado, Jose"]
[Result "0-1"]
[WhiteElo "1498"]
[BlackElo "1976"]
[PlyCount "54"]
[EventDate "2013.04.07"]
[EventType "swiss"]
[EventRounds "9"]
[EventCountry "ESP"]
[Source "lmi"]
[SourceDate "2013.04.07"]

1. e4 e6 2. d4 d5 3. Nc3 Bb4 4. e5 c5 5. Nf3 Nc6 6. a3 cxd4 7. axb4 dxc3 8.
bxc3 Qc7 9. Bb5 Bd7 10. Bf4 Nge7 11. O-O Ng6 12. Qd2 O-O 13. Rfe1 a6 14. Bd3
Rac8 15. Bxg6 fxg6 16. Rac1 Na7 17. Be3 Nb5 18. Bc5 Rfe8 19. Re3 b6 20. Bd4 Rf8
21. h4 a5 22. bxa5 bxa5 23. g4 Rf4 24. g5 Rcf8 25. Kg2 a4 26. Rd3 Na3 27. Be3
Rxf3 0-1

[Event "20. Torneo San Viator 2013"]
[Site "Madrid ESP"]
[Date "2013.04.07"]
[Round "1.13"]
[White "Garcia-Ruiz Fuentes, Angel M"]
[Black "Roman Garcia, Jose Luis"]
[Result "1-0"]
[WhiteElo "1952"]
[BlackElo "1490"]
[PlyCount "63"]
[EventDate "2013.04.07"]
[EventType "swiss"]
[EventRounds "9"]
[EventCountry "ESP"]
[Source "lmi"]
[SourceDate "2013.04.07"]

1. e4 e5 2. Bc4 Nf6 3. d4 Be7 4. dxe5 Nxe4 5. Qd5 O-O 6. Qxe4 d6 7. Bd3 g6 8.
Nc3 dxe5 9. Bh6 Re8 10. O-O-O Bg5+ 11. Bxg5 Qxg5+ 12. Kb1 Bf5 13. Qxb7 Nd7 14.
Bxf5 Qxf5 15. Qf3 Qe6 16. Qd5 Nb6 17. Qxe6 Rxe6 18. Nf3 Nc4 19. b3 Rb8 20. Nd5
Rb7 21. Ng5 Ra6 22. Ne4 Kg7 23. Nc5 Na3+ 24. Kb2 Nc4+ 25. Ka1 Na3 26. Nxa6
Nxc2+ 27. Kb2 Nd4 28. Naxc7 a5 29. Ne8+ Kh6 30. f4 a4 31. Rd3 Rb5 32. Rh3# 1-0

[Event "20. Torneo San Viator 2013"]
[Site "Madrid ESP"]
[Date "2013.04.07"]
[Round "1.14"]
[White "Del Noval Perez, Jeronimo"]
[Black "Rosa Ramirez, Victor D"]
[Result "0-1"]
[WhiteElo "1435"]
[BlackElo "1945"]
[PlyCount "66"]
[EventDate "2013.04.07"]
[EventType "swiss"]
[EventRounds "9"]
[EventCountry "ESP"]
[Source "lmi"]
[SourceDate "2013.04.07"]

1. e4 e6 2. d4 d5 3. e5 c5 4. c3 Qb6 5. Nf3 Nc6 6. a3 Bd7 7. b4 cxb4 8. cxb4
Rc8 9. Be2 Nge7 10. Nc3 Nxd4 11. Be3 Nxf3+ 12. Bxf3 Qc7 13. Rc1 Qxe5 14. Qd4
Qxd4 15. Bxd4 Nc6 16. Nb5 a6 17. Be2 axb5 18. Bxb5 Bd6 19. Bb2 O-O 20. h4 Ne5
21. Rxc8 Rxc8 22. Bxd7 Nxd7 23. Kd2 Bf4+ 24. Kd3 Ne5+ 25. Bxe5 Bxe5 26. Re1 Bf6
27. Re3 Rc3+ 28. Ke2 Rc2+ 29. Kf3 e5 30. h5 e4+ 31. Kg3 Bd4 32. Rb3 Bxf2+ 33.
Kf4 Bd4 0-1

[Event "20. Torneo San Viator 2013"]
[Site "Madrid ESP"]
[Date "2013.04.07"]
[Round "1.15"]
[White "Camarero Izquierdo, Juan Carlos"]
[Black "Enriquez Pastor, Jorge"]
[Result "1-0"]
[WhiteElo "1934"]
[BlackElo "1398"]
[PlyCount "93"]
[EventDate "2013.04.07"]
[EventType "swiss"]
[EventRounds "9"]
[EventCountry "ESP"]
[Source "lmi"]
[SourceDate "2013.04.07"]

1. d4 d5 2. Nc3 e6 3. e4 dxe4 4. Nxe4 c6 5. Nf3 Nd7 6. Qd3 Ngf6 7. Bg5 h6 8.
Bh4 Be7 9. Bxf6 Nxf6 10. h4 Nxe4 11. Qxe4 Bf6 12. Bc4 Qa5+ 13. c3 Qd8 14. O-O-O
Bd7 15. g4 g6 16. Kb1 Qc7 17. g5 Bg7 18. h5 gxh5 19. g6 f6 20. Bxe6 Bxe6 21.
Qxe6+ Qe7 22. Qf5 Qd7 23. Rde1+ Kd8 24. Qxh5 Kc7 25. Qh2+ Kb6 26. Ka1 Rae8 27.
Nd2 Qd5 28. Qf4 Qg5 29. Nc4+ Ka6 30. Qc7 Rxe1+ 31. Rxe1 Qb5 32. Nd6 Qb6 33.
Qxg7 Rd8 34. Qxf6 Qc7 35. g7 Rxd6 36. Qf8 Rd8 37. g8=Q Rxf8 38. Qxf8 Qh2 39.
Qa3+ Kb6 40. Qb4+ Ka6 41. Qc4+ Kb6 42. a4 Qxf2 43. a5+ Kc7 44. Re7+ Kd8 45. Qe6
Qf1+ 46. Ka2 Qf8 47. Qd7# 1-0

[Event "20. Torneo San Viator 2013"]
[Site "Madrid ESP"]
[Date "2013.04.07"]
[Round "1.16"]
[White "Hidalgo Prado, David"]
[Black "Linares Leyva, David"]
[Result "0-1"]
[WhiteElo "1397"]
[BlackElo "1904"]
[PlyCount "60"]
[EventDate "2013.04.07"]
[EventType "swiss"]
[EventRounds "9"]
[EventCountry "ESP"]
[Source "lmi"]
[SourceDate "2013.04.07"]

1. e4 c5 2. Nf3 d6 3. c3 Nf6 4. d3 g6 5. Be3 Bg7 6. h3 Nbd7 7. Nbd2 O-O 8. Qc2
b5 9. Be2 Bb7 10. O-O b4 11. cxb4 cxb4 12. Rac1 Rc8 13. Qb1 Nb6 14. b3 Nfd7 15.
Bd4 Bxd4 16. Nxd4 d5 17. Rxc8 Qxc8 18. Rc1 Qb8 19. Nc6 Qd6 20. Na5 Ba8 21. Bf3
Qf4 22. Rc2 e6 23. Qe1 Ne5 24. exd5 exd5 25. Qe2 Qd4 26. Kf1 Nxd3 27. Nc6 Qa1+
28. Qd1 Qf6 29. Nxa7 Re8 30. Bxd5 Re1+ 0-1

[Event "20. Torneo San Viator 2013"]
[Site "Madrid ESP"]
[Date "2013.04.07"]
[Round "1.17"]
[White "Bermejo Redondo, Oscar"]
[Black "Guillo Longares, Cecilia"]
[Result "1-0"]
[WhiteElo "1896"]
[BlackElo "1397"]
[PlyCount "43"]
[EventDate "2013.04.07"]
[EventType "swiss"]
[EventRounds "9"]
[EventCountry "ESP"]
[Source "lmi"]
[SourceDate "2013.04.07"]

1. d4 Nf6 2. Nf3 g6 3. c4 Bg7 4. Nc3 O-O 5. e4 d6 6. Be2 c5 7. d5 Nbd7 8. O-O
Nb6 9. Nd2 Bd7 10. f4 Qc8 11. Nf3 Ng4 12. h3 Nf6 13. Qe1 e6 14. e5 dxe5 15.
fxe5 Ne8 16. Qh4 exd5 17. cxd5 Nc7 18. Ng5 h6 19. Nge4 g5 20. Qh5 Bf5 21. Nf6+
Kh8 22. Bxg5 1-0

[Event "20. Torneo San Viator 2013"]
[Site "Madrid ESP"]
[Date "2013.04.07"]
[Round "1.18"]
[White "Bermejo Jimenez, Adolfo"]
[Black "Barahona Torrijos, Angel"]
[Result "0-1"]
[WhiteElo "1396"]
[BlackElo "1885"]
[PlyCount "72"]
[EventDate "2013.04.07"]
[EventType "swiss"]
[EventRounds "9"]
[EventCountry "ESP"]
[Source "lmi"]
[SourceDate "2013.04.07"]

1. e4 e5 2. Nf3 Nc6 3. Bb5 a6 4. Bxc6 dxc6 5. h3 Bc5 6. O-O Qd6 7. c3 Ne7 8. d4
exd4 9. cxd4 Ba7 10. e5 Qg6 11. Nh4 Qe4 12. Nf3 Nd5 13. Re1 Qg6 14. Nh4 Qe6 15.
Nc3 Nxc3 16. bxc3 Qe7 17. Qf3 Qxh4 18. Re4 Qe7 19. c4 Be6 20. Ba3 Qd7 21. c5
Bd5 22. e6 fxe6 23. Qh5+ Qf7 24. Qxf7+ Kxf7 25. Rf4+ Ke7 26. Bb4 Rhf8 27. Rg4
Rf7 28. a3 Raf8 29. f3 g6 30. Re1 Rf5 31. Bd2 Kd7 32. Bb4 Re8 33. f4 b6 34. Re5
a5 35. Rxf5 exf5 36. cxb6 cxb6 0-1

[Event "20. Torneo San Viator 2013"]
[Site "Madrid ESP"]
[Date "2013.04.07"]
[Round "1.19"]
[White "Garcia Sanjuan, Jose"]
[Black "Jimenez Perez, Federico"]
[Result "1-0"]
[WhiteElo "1877"]
[BlackElo "1323"]
[PlyCount "69"]
[EventDate "2013.04.07"]
[EventType "swiss"]
[EventRounds "9"]
[EventCountry "ESP"]
[Source "lmi"]
[SourceDate "2013.04.07"]

1. e4 c5 2. f4 d6 3. Bc4 e6 4. Qe2 Be7 5. Nf3 Nf6 6. d3 O-O 7. O-O a6 8. a4 Re8
9. c3 Nc6 10. Nbd2 d5 11. Ba2 c4 12. d4 b5 13. Bb1 b4 14. Ne5 Bb7 15. Nxc6 Bxc6
16. e5 Ne4 17. Nxe4 dxe4 18. Bxe4 Bxe4 19. Qxe4 Rb8 20. f5 bxc3 21. bxc3 Rb3
22. Bd2 Bg5 23. Bxg5 Qxg5 24. fxe6 f6 25. exf6 gxf6 26. Rf3 Kh8 27. Rg3 Qh6 28.
d5 Rb2 29. Qxc4 Rg8 30. Rxg8+ Kxg8 31. Qg4+ Kf8 32. Qf3 Qg6 33. Rf1 Ke7 34. c4
f5 35. Qa3+ 1-0

[Event "20. Torneo San Viator 2013"]
[Site "Madrid ESP"]
[Date "2013.04.07"]
[Round "1.20"]
[White "Del Noval Nemeshazi, Nesztor"]
[Black "Ore Leon, Gustavo"]
[Result "0-1"]
[WhiteElo "1299"]
[BlackElo "1856"]
[PlyCount "70"]
[EventDate "2013.04.07"]
[EventType "swiss"]
[EventRounds "9"]
[EventCountry "ESP"]
[Source "lmi"]
[SourceDate "2013.04.07"]

1. e4 c5 2. Nf3 d6 3. d4 cxd4 4. Nxd4 Nf6 5. Nc3 a6 6. Bc4 e6 7. Bb3 Nbd7 8. f4
Nc5 9. Be3 Ncxe4 10. Nxe4 Nxe4 11. O-O d5 12. Qf3 Be7 13. f5 e5 14. Ne2 Nf6 15.
Bg5 Qb6+ 16. Kh1 d4 17. Bxf6 Bxf6 18. Qd5 O-O 19. Ng3 Qc6 20. Ne4 Qxd5 21.
Nxf6+ gxf6 22. Bxd5 Ra7 23. Be4 Bd7 24. Bd3 Bc6 25. Rae1 Kh8 26. Be4 Rg8 27.
Bxc6 bxc6 28. Re4 Rb7 29. b3 c5 30. Rf3 c4 31. Rh4 cxb3 32. Rfh3 Rg7 33. axb3
Rc7 34. Rh6 Rxc2 35. Rxf6 Rc1# 0-1

[Event "20. Torneo San Viator 2013"]
[Site "Madrid ESP"]
[Date "2013.04.07"]
[Round "1.21"]
[White "Uceda Martinez, Jacinto"]
[Black "Di Pietro Moreno, Fatima"]
[Result "1-0"]
[WhiteElo "1854"]
[BlackElo "1287"]
[PlyCount "77"]
[EventDate "2013.04.07"]
[EventType "swiss"]
[EventRounds "9"]
[EventCountry "ESP"]
[Source "lmi"]
[SourceDate "2013.04.07"]

1. e4 e6 2. d4 d5 3. exd5 exd5 4. Bd3 Nf6 5. h3 c5 6. c3 Nc6 7. Nf3 cxd4 8.
cxd4 Qb6 9. O-O Be7 10. Re1 O-O 11. Nc3 Be6 12. a3 a5 13. Na4 Qa7 14. Bf4 Rac8
15. Nc3 g6 16. Qd2 Nh5 17. Bh6 Rfd8 18. Bc2 b6 19. Rad1 Qd7 20. Ng5 Bf8 21.
Nxe6 fxe6 22. Bg5 Re8 23. Ba4 Bg7 24. Re2 Qf7 25. Bxc6 Rxc6 26. Rde1 Rc4 27.
Nb5 Rc6 28. b3 Nf6 29. Bxf6 Bxf6 30. Qf4 Qe7 31. Qg4 Kg7 32. g3 h5 33. Qf4 g5
34. Qf3 Kg6 35. Qd3+ Kh6 36. a4 h4 37. Qe3 hxg3 38. fxg3 Qd8 39. Qf3 1-0

[Event "20. Torneo San Viator 2013"]
[Site "Madrid ESP"]
[Date "2013.04.07"]
[Round "1.22"]
[White "Villarroya Samaniego, Javier"]
[Black "Padin Lazaro, Jose Manuel"]
[Result "0-1"]
[WhiteElo "1267"]
[BlackElo "1809"]
[PlyCount "82"]
[EventDate "2013.04.07"]
[EventType "swiss"]
[EventRounds "9"]
[EventCountry "ESP"]
[Source "lmi"]
[SourceDate "2013.04.07"]

1. d4 d5 2. e3 e6 3. Bd3 c5 4. c3 Nc6 5. f4 Nf6 6. Nd2 Bd6 7. Ngf3 cxd4 8. cxd4
Qc7 9. O-O Bd7 10. a3 Rc8 11. b4 a6 12. Bb2 Na7 13. Rc1 Qb8 14. Rxc8+ Qxc8 15.
Qc1 Ke7 16. Qxc8 Rxc8 17. Rc1 Rxc1+ 18. Bxc1 Bb5 19. Bxb5 Nxb5 20. h3 h6 21. g4
Nd7 22. Kf2 Nb6 23. Bb2 Na4 24. Bc1 Kd7 25. Ne1 Kc6 26. Nd3 b6 27. Nb1 Na7 28.
Nb2 Kb5 29. Nxa4 Kxa4 30. Ke2 a5 31. bxa5 bxa5 32. Kd2 Nb5 33. Kc2 Nxa3+ 34.
Nxa3 Bxa3 35. Bxa3 Kxa3 36. Kc3 g6 37. h4 h5 38. g5 a4 39. Kc2 Kb4 40. Kb2 Kc4
41. Kc2 a3 0-1

[Event "20. Torneo San Viator 2013"]
[Site "Madrid ESP"]
[Date "2013.04.07"]
[Round "1.23"]
[White "Garcia Carcedo, Jesus"]
[Black "Apaza, Gabriela Erika"]
[Result "1-0"]
[WhiteElo "1808"]
[BlackElo "1195"]
[PlyCount "59"]
[EventDate "2013.04.07"]
[EventType "swiss"]
[EventRounds "9"]
[EventCountry "ESP"]
[Source "lmi"]
[SourceDate "2013.04.07"]

1. d4 Nf6 2. Nf3 e6 3. Bf4 Be7 4. e3 b6 5. Nbd2 Bb7 6. Bc4 O-O 7. h3 d6 8. c3
Nbd7 9. Qc2 c5 10. O-O Rc8 11. a4 cxd4 12. exd4 Re8 13. Bd3 Nf8 14. Qb3 Ng6 15.
Bh2 Qd7 16. a5 bxa5 17. Rxa5 Rc7 18. Rxa7 Bd5 19. Rxc7 Qxc7 20. c4 Rb8 21. Qc2
Ba8 22. Ra1 Qc8 23. c5 e5 24. cxd6 Bxd6 25. dxe5 Nxe5 26. Bxe5 Bxe5 27. Nxe5
Qxc2 28. Bxc2 Rxb2 29. Rxa8+ Ne8 30. Rxe8# 1-0

[Event "20. Torneo San Viator 2013"]
[Site "Madrid ESP"]
[Date "2013.04.07"]
[Round "1.24"]
[White "Tipter, Napoleon"]
[Black "Alfaya Marcelo, Roberto"]
[Result "0-1"]
[WhiteElo "1964"]
[BlackElo "1802"]
[PlyCount "66"]
[EventDate "2013.04.07"]
[EventType "swiss"]
[EventRounds "9"]
[EventCountry "ESP"]
[Source "lmi"]
[SourceDate "2013.04.07"]

1. d4 Nf6 2. Nf3 g6 3. e3 Bg7 4. Bd3 O-O 5. b3 d5 6. Bb2 b6 7. Nbd2 Bb7 8. h3
Nbd7 9. Rc1 c5 10. c4 Rc8 11. O-O Re8 12. Ne5 Nxe5 13. dxe5 Ne4 14. Nxe4 dxe4
15. Bc2 Qc7 16. Qg4 Bxe5 17. Bxe5 Qxe5 18. Qd7 Qc7 19. Rcd1 Bc6 20. Qxc7 Rxc7
21. Rd2 f5 22. Rfd1 Kf7 23. Kf1 e6 24. Rd6 Ke7 25. Ke2 Rcc8 26. f4 exf3+ 27.
gxf3 Red8 28. Rxd8 Rxd8 29. Rxd8 Kxd8 30. e4 fxe4 31. fxe4 e5 32. h4 Ke7 33.
Bd3 Kf6 0-1

[Event "20. Torneo San Viator 2013"]
[Site "Madrid ESP"]
[Date "2013.04.07"]
[Round "1.25"]
[White "Martinez Montalvo, Eduardo"]
[Black "Perez Bruni, Alfredo"]
[Result "1/2-1/2"]
[WhiteElo "1779"]
[BlackElo "1836"]
[PlyCount "38"]
[EventDate "2013.04.07"]
[EventType "swiss"]
[EventRounds "9"]
[EventCountry "ESP"]
[Source "lmi"]
[SourceDate "2013.04.07"]

1. e4 e6 2. b3 d5 3. Bb2 dxe4 4. Nc3 Nf6 5. Qe2 Qd4 6. O-O-O e5 7. f3 Nc6 8.
Nxe4 Qd8 9. d4 Nxe4 10. Qxe4 Qg5+ 11. Kb1 Bf5 12. h4 Qg6 13. h5 Qg5 14. Qh4
Qxh4 15. Rxh4 O-O-O 16. Bd3 Bxd3 17. Rxd3 exd4 18. Ne2 Be7 19. Rf4 Bf6 1/2-1/2

[Event "20. Torneo San Viator 2013"]
[Site "Madrid ESP"]
[Date "2013.04.07"]
[Round "1.26"]
[White "Torrecillas Adan, Luis"]
[Black "Sarabia Utrilla, Joaquin"]
[Result "0-1"]
[WhiteElo "1788"]
[BlackElo "1778"]
[PlyCount "50"]
[EventDate "2013.04.07"]
[EventType "swiss"]
[EventRounds "9"]
[EventCountry "ESP"]
[Source "lmi"]
[SourceDate "2013.04.07"]

1. e4 e5 2. Nf3 Nf6 3. Nc3 d5 4. Nxe5 d4 5. Nb5 a6 6. Na3 Bxa3 7. bxa3 Nxe4 8.
Bc4 Qf6 9. Nd3 Qg6 10. g3 Bh3 11. Nf4 Qf5 12. d3 Nc3 13. Qd2 O-O 14. f3 g5 15.
Nxh3 Re8+ 16. Kf1 Qxh3+ 17. Kg1 h6 18. Bb2 Re2 19. Qxe2 Nxe2+ 20. Kf2 Nc3 21.
Rae1 Nc6 22. Bxc3 dxc3 23. Rb1 Re8 24. Rxb7 Nd4 25. Re1 Qxh2+ 0-1

[Event "20. Torneo San Viator 2013"]
[Site "Madrid ESP"]
[Date "2013.04.07"]
[Round "1.27"]
[White "Gomez Dorado, Ernesto"]
[Black "Arias Martinez, Ivan"]
[Result "1-0"]
[WhiteElo "1769"]
[BlackElo "1766"]
[PlyCount "104"]
[EventDate "2013.04.07"]
[EventType "swiss"]
[EventRounds "9"]
[EventCountry "ESP"]
[Source "lmi"]
[SourceDate "2013.04.07"]

1. e4 e6 2. d4 d5 3. Nc3 Bb4 4. Nge2 dxe4 5. a3 Bxc3+ 6. Nxc3 f5 7. Bf4 a6 8.
f3 exf3 9. Qxf3 Nf6 10. O-O-O O-O 11. Bc4 c6 12. Be5 b5 13. Bb3 Bb7 14. Bxe6+
Kh8 15. Qxf5 Nd5 16. Qg4 Qe7 17. Nxd5 cxd5 18. Bf5 Nc6 19. Qh5 h6 20. Qg6 Qg5+
21. Qxg5 hxg5 22. g4 Nxe5 23. dxe5 Rae8 24. Rhe1 Re7 25. c3 Rg8 26. Bg6 Rf8 27.
Rf1 Rf4 28. Rxf4 gxf4 29. Rf1 Rxe5 30. Rxf4 Kg8 31. Kd2 Rg5 32. Bf5 g6 33. h4
gxf5 34. hxg5 fxg4 35. Rxg4 Kg7 36. Ke3 Kg6 37. Kf4 Bc8 38. Rh4 a5 39. Rh6+ Kg7
40. Rd6 Bh3 41. Rxd5 Bf1 42. Rd6 a4 43. Ke5 Kf7 44. Kd5 Bc4+ 45. Kc5 Kg7 46.
Rb6 Kf7 47. Rxb5 Bxb5 48. Kxb5 Kg6 49. Kxa4 Kxg5 50. Kb5 Kf6 51. Kb6 Ke7 52. a4
Kd8 1-0

[Event "20. Torneo San Viator 2013"]
[Site "Madrid ESP"]
[Date "2013.04.07"]
[Round "1.28"]
[White "Arias Cusio, Oscar"]
[Black "Tolosana Esteban, Enrique"]
[Result "1-0"]
[WhiteElo "1761"]
[BlackElo "1754"]
[PlyCount "63"]
[EventDate "2013.04.07"]
[EventType "swiss"]
[EventRounds "9"]
[EventCountry "ESP"]
[Source "lmi"]
[SourceDate "2013.04.07"]

1. e4 c5 2. b3 d6 3. Bb2 Nf6 4. d3 g6 5. Be2 Bg7 6. f4 O-O 7. Nf3 Nc6 8. O-O d5
9. Bxf6 Bxf6 10. e5 Bg7 11. c3 d4 12. Nbd2 f6 13. cxd4 Nxd4 14. Rc1 b6 15. b4
Ba6 16. Nc4 Rc8 17. Kh1 cxb4 18. Nxd4 Qxd4 19. Qb3 Bxc4 20. dxc4 fxe5 21. Rcd1
Qc3 22. Qa4 exf4 23. Bg4 Rcd8 24. Qxa7 Bf6 25. Qxb6 h5 26. Be6+ Kg7 27. Rxd8
Rxd8 28. Qxd8 f3 29. gxf3 Qc2 30. Rg1 Be5 31. Qxe7+ Kh6 32. Qg5+ 1-0